All Washington Cities on a Map - Statistics

General Stats
  • This quiz has been taken 17 times
  • The average score is 144 of 625
Answers on the Map
Answers color-coded by a green-red scale on the quiz's map according to % correct below.
 
Answer Stats
City Population % Correct
Seattle 780,995
100%
Bellingham 95,860
91%
Everett 113,011
91%
Spokane 230,609
91%
Yakima 97,390
91%
Bellevue 154,377
82%
Vancouver 198,992
82%
Walla Walla 33,901
82%
Kent 136,588
73%
Kirkland 95,499
73%
Olympia 56,271
73%
Renton 105,543
73%
Richland 64,372
73%
Spokane Valley 108,267
73%
Tacoma 228,202
73%
Bainbridge Island 24,618
64%
Bremerton 45,291
64%
Centralia 19,061
64%
Federal Way 100,252
64%
Kennewick 86,728
64%
Lake Stevens 41,350
64%
Monroe 19,927
64%
Moses Lake 26,969
64%
Pasco 81,724
64%
Port Angeles 20,112
64%
Pullman 33,543
64%
Redmond 82,195
64%
West Richland 18,820
64%
Aberdeen 17,044
55%
Airway Heights 11,950
55%
Anacortes 18,148
55%
Auburn 85,513
55%
Bothell 51,770
55%
Camas 27,313
55%
Chelan 4,462
55%
Edmonds 42,871
55%
Ellensburg 20,996
55%
Ferndale 16,706
55%
Forks 3,433
55%
Friday Harbor 2,744
55%
Longview 38,294
55%
Marysville 76,209
55%
Mead 7,184
55%
Mercer Island 25,302
55%
Newport 2,235
55%
Oak Harbor 24,163
55%
Port Orchard 19,122
55%
Quincy 8,294
55%
Sammamish 66,474
55%
Wenatchee 35,401
55%
Woodinville 13,942
55%
Arlington 21,959
45%
Battle Ground 22,959
45%
Blaine 6,371
45%
Burien 52,046
45%
Chehalis 7,717
45%
Cheney 12,700
45%
Cle Elum 2,276
45%
Concrete 795
45%
Conway 44
45%
Davenport 1,805
45%
Dayton 2,471
45%
Des Moines 33,207
45%
East Wenatchee 14,330
45%
Fife 11,077
45%
George 1,006
45%
Gold Bar 2,478
45%
Grandview 11,599
45%
Granger 3,789
45%
Granite Falls 4,702
45%
Index 160
45%
Issaquah 39,664
45%
Kenmore 24,166
45%
Lacey 58,644
45%
Lakewood 62,709
45%
Langley 1,139
45%
Leavenworth 2,908
45%
Mill Creek 20,993
45%
Mountlake Terrace 25,198
45%
Mount Vernon 35,344
45%
Mukilteo 21,299
45%
North Bend 8,553
45%
Othello 9,001
45%
Port Townsend 10,649
45%
Poulsbo 12,562
45%
Puyallup 42,552
45%
Ridgefield 15,359
45%
Sedro-Woolley 13,215
45%
Snohomish 10,534
45%
Snoqualmie 13,748
45%
Spanaway 34,322
45%
Stanwood 8,943
45%
Startup 746
45%
Sultan 7,002
45%
Sunnyside 16,317
45%
Tumwater 27,826
45%
Twisp 1,112
45%
Union 281
45%
Winthrop 603
45%
Woodland 6,496
45%
Zillah 3,123
45%
Alder 77
36%
Almira 328
36%
Brewster 2,090
36%
Bridgeport 2,261
36%
Brier 6,603
36%
Buckley 5,641
36%
Burlington 10,945
36%
Camano 17,535
36%
Carnation 2,279
36%
Cashmere 3,333
36%
Chewelah 2,687
36%
Clarkston 7,138
36%
Clinton 1,367
36%
Clyde Hill 3,158
36%
Colfax 2,692
36%
Conconully 198
36%
Connell 5,071
36%
Copalis Beach 442
36%
Coulee City 554
36%
Coulee Dam 1,242
36%
Coupeville 1,935
36%
Covington 21,567
36%
Darrington 1,500
36%
Deer Park 5,191
36%
Duvall 9,176
36%
Edgewood 13,496
36%
Electric City 957
36%
Endicott 299
36%
Entiat 1,561
36%
Enumclaw 13,173
36%
Ephrata 8,718
36%
Fircrest 6,988
36%
Freeland 1,966
36%
Graham 35,090
36%
Grand Coulee 960
36%
Hartline 177
36%
Hoquiam 8,771
36%
Kittitas 1,445
36%
La Conner 994
36%
LaCrosse 290
36%
Lake Forest Park 13,276
36%
Liberty Lake 13,353
36%
Long Beach 1,761
36%
Lynnwood 41,597
36%
Mabton 1,960
36%
Maple Valley 28,553
36%
Mattawa 3,784
36%
Medical Lake 5,003
36%
Mesa 388
36%
Metaline 164
36%
Metaline Falls 281
36%
Milton 8,833
36%
Montesano 4,194
36%
Neah Bay 1,056
36%
Nooksack 1,675
36%
Normandy Park 6,661
36%
Odessa 924
36%
Okanogan 2,489
36%
Omak 5,167
36%
Oroville 1,911
36%
Orting 8,911
36%
Oso 400
36%
Pacific 7,085
36%
Packwood 118
36%
Palouse 1,029
36%
Parkland 39,174
36%
Pateros 626
36%
Prosser 6,540
36%
Rainier 2,506
36%
Raymond 3,228
36%
Republic 1,020
36%
Ritzville 1,709
36%
Roche Harbor 700
36%
Rochester 6,025
36%
Roy 803
36%
Royal City 1,907
36%
SeaTac 34,024
36%
Selah 8,653
36%
Sequim 8,199
36%
Shelton 10,737
36%
Silverdale 21,046
36%
Soap Lake 1,780
36%
Spangle 278
36%
Sprague 525
36%
Steilacoom 6,649
36%
St. John 590
36%
Sumas 1,683
36%
Tekoa 809
36%
Tenino 1,956
36%
Tonasket 1,133
36%
Town and Country 5,398
36%
Tukwila 21,636
36%
Union Gap 6,582
36%
University Place 35,160
36%
Waitsburg 1,173
36%
Wapato 4,492
36%
Washtucna 199
36%
Waterville 1,148
36%
Westport 2,341
36%
Yacolt 1,644
36%
Yarrow Point 1,134
36%
Ahtanum 3,570
27%
Alderwood Manor 10,168
27%
Algona 3,269
27%
Asotin 1,192
27%
Belfair 4,601
27%
Benton City 3,876
27%
Black Diamond 6,787
27%
Bow 584
27%
Bucoda 615
27%
Carson 2,553
27%
Castle Rock 2,445
27%
Cathcart 1,878
27%
Cathlamet 608
27%
Chelan Falls 141
27%
Clallam Bay 709
27%
College Place 9,846
27%
Colville 5,009
27%
Cosmopolis 1,663
27%
Country Homes 5,979
27%
Creston 247
27%
Curlew 135
27%
Cusick 184
27%
Deming 594
27%
DuPont 9,823
27%
Easton 1,046
27%
Eatonville 2,864
27%
Edison 260
27%
Elma 3,515
27%
Fairwood 28,876
27%
Fort Lewis 13,983
27%
Gig Harbor 12,643
27%
Goldendale 3,525
27%
Hazel Dell 23,086
27%
Hoodsport 136
27%
Hunts Point 460
27%
Ilwaco 1,112
27%
Kalama 3,131
27%
Kelso 12,737
27%
Kingston 2,585
27%
Lind 524
27%
Loon Lake 927
27%
Lynden 16,783
27%
Maltby 10,859
27%
Mansfield 340
27%
McCleary 2,059
27%
McKenna 638
27%
Medina 2,976
27%
Millwood 1,841
27%
Moclips 150
27%
Morton 1,089
27%
Mossyrock 803
27%
Moxee 4,791
27%
Naches 1,090
27%
Napavine 2,155
27%
Newcastle 13,072
27%
Northport 291
27%
Oakville 735
27%
Ocean Shores 7,731
27%
Pomeroy 1,471
27%
Port Ludlow 2,979
27%
Queets 45
27%
Quilcene 490
27%
Reardan 688
27%
Rock Island 1,722
27%
Roslyn 960
27%
Shoreline 66,251
27%
Skykomish 158
27%
South Bend 1,801
27%
South Cle Elum 572
27%
South Hill 68,161
27%
Starbuck 138
27%
Steptoe 152
27%
Stevenson 1,598
27%
Summit 8,885
27%
Taholah 778
27%
Thorp 129
27%
Tieton 1,610
27%
Tokeland 99
27%
Toledo 767
27%
Toppenish 8,658
27%
Tracyton 5,658
27%
Vader 690
27%
Washougal 17,944
27%
White Center 15,017
27%
White Salmon 2,605
27%
White Swan 598
27%
Wilbur 926
27%
Winlock 2,515
27%
Woodway 1,323
27%
Yelm 11,715
27%
Acme 284
18%
Alderton 2,857
18%
Alger 655
18%
Anatone 10
18%
Anderson Island 1,341
18%
Ashford 570
18%
Bingen 942
18%
Birch Bay 11,103
18%
Bonney Lake 22,145
18%
Bothell East 14,487
18%
Bothell West 21,014
18%
Browns Point 998
18%
Bryn Mawr-Skyway 17,577
18%
Bunk Foss 3,718
18%
Burbank 3,645
18%
Canterwood 2,964
18%
Carlsborg 1,135
18%
Central Park 3,203
18%
Clearview 3,508
18%
Desert Aire 2,953
18%
Eastmont 23,486
18%
East Renton Highlands 12,241
18%
Elmer City 255
18%
Everson 3,169
18%
Fall City 1,743
18%
Fife Heights 1,508
18%
Five Corners 21,444
18%
Four Lakes 489
18%
Fox Island 3,365
18%
Frederickson 24,219
18%
Garfield 543
18%
Geneva 2,200
18%
Gleed 3,130
18%
Gorst 405
18%
Grand Mound 3,711
18%
Grapeview 874
18%
Grayland 685
18%
Green Bluff 238
18%
Greenwater 138
18%
Hamilton 295
18%
Harrington 461
18%
Hobart 6,841
18%
Inchelium 397
18%
Ione 444
18%
Jamestown 409
18%
Kahlotus 141
18%
Kapowsin 449
18%
Kettle Falls 1,649
18%
Key Center 3,619
18%
La Center 4,256
18%
Lakeland South 12,869
18%
Lake Tapps 12,360
18%
Lebam 343
18%
Lyle 321
18%
Machias 1,112
18%
Malo 36
18%
Manson 1,595
18%
Martha Lake 22,740
18%
McMillin 1,298
18%
Mineral 46
18%
Naselle 519
18%
Nespelem 200
18%
North Bonneville 1,418
18%
North Fort Lewis 5,990
18%
North Lynnwood 23,653
18%
Ocean Park 1,777
18%
Ocosta 167
18%
Onalaska 657
18%
Otis Orchards-East Farms 5,486
18%
Pe Ell 671
18%
Point Roberts 1,275
18%
Purdy 1,222
18%
Ravensdale 308
18%
Riverside 340
18%
Rockford 627
18%
Roosevelt 164
18%
Rosalia 578
18%
Rosburg 468
18%
Rosedale 4,267
18%
Ryderwood 367
18%
Seabeck 773
18%
Skokomish 558
18%
South Prairie 367
18%
South Wenatchee 1,083
18%
Springdale 360
18%
Sudden Valley 6,963
18%
Sunland Estates 85
18%
Tehaleh 6,769
18%
Trout Lake 888
18%
Vashon 10,424
18%
Warden 2,806
18%
West Pasco 1,157
18%
Wilkeson 488
18%
Aberdeen Gardens 406
9%
Addy 122
9%
Albion 547
9%
Altoona 46
9%
Amanda Park 78
9%
Amboy 1,545
9%
Artondale 14,051
9%
Baring 190
9%
Barstow 76
9%
Bay View 626
9%
Beacon Hill 1,978
9%
Beaux Arts Village 313
9%
Bell Hill 951
9%
Bethel 4,276
9%
Bickleton 97
9%
Big Lake 2,648
9%
Boyds 35
9%
Brinnon 774
9%
Brush Prairie 2,563
9%
Bryant 2,375
9%
Buena 674
9%
Carbonado 737
9%
Cavalero 1,850
9%
Chico 3,016
9%
Chinook 557
9%
Clarkston Heights-Vineland 7,144
9%
Clayton 220
9%
Clear Lake 2,442
9%
Clover Creek 7,128
9%
Colton 401
9%
Cottage Lake 23,170
9%
Crescent Bar 212
9%
Crocker 1,173
9%
Curlew Lake 605
9%
Custer 266
9%
Dallesport 1,434
9%
Danville 39
9%
Dash Point 984
9%
Deep River 197
9%
Disautel 46
9%
Elk Plain 13,863
9%
Esperance 3,988
9%
Fairchild AFB 3,016
9%
Fairfield 598
9%
Glacier 292
9%
Grays River 190
9%
Hatton 141
9%
Herron Island 106
9%
Home 1,718
9%
Humptulips 194
9%
Indianola 3,517
9%
Keller 195
9%
Kendall 810
9%
Klickitat 456
9%
Krupp 45
9%
Lake Holm 3,664
9%
Lakeland North 14,664
9%
Lake Stickney 15,514
9%
Lexington 4,495
9%
Longbranch 4,715
9%
Longview Heights 4,403
9%
Loomis 102
9%
Lower Elochoman 235
9%
Lyman 422
9%
Malone 338
9%
Malott 708
9%
Manchester 6,018
9%
Maple Falls 247
9%
Marblemount 318
9%
Marcus 219
9%
Markham 173
9%
Maryhill 39
9%
May Creek 801
9%
McChord AFB 2,895
9%
Meadowdale 2,948
9%
Methow 91
9%
Midland 8,676
9%
Mill Creek East 25,461
9%
Mirrormont 4,217
9%
Mount Vista 10,635
9%
Neilton 281
9%
North Omak 368
9%
North Puyallup 1,363
9%
North Sultan 295
9%
Ocean City 111
9%
Orchards 29,716
9%
Orient 69
9%
Parkwood 6,976
9%
Picnic Point 9,833
9%
Port Angeles East 3,035
9%
Prairie Ridge 12,054
9%
Prescott 364
9%
Qui-nai-elt Village 83
9%
Riverbend 2,150
9%
Rockport 60
9%
Ronald 248
9%
Ruston 1,048
9%
Santiago 78
9%
Shadow Lake 2,221
9%
Silver Firs 21,796
9%
Snoqualmie Pass 354
9%
Sumner 10,885
9%
Sunnyslope 3,674
9%
Suquamish 4,515
9%
Tampico 514
9%
Torboy 260
9%
Touchet 345
9%
Upper Elochoman 94
9%
Valley 93
9%
Verlot 387
9%
Warm Beach 3,333
9%
Waverly 123
9%
West Clarkston-Highland 5,678
9%
Whidbey Island Station 2,284
9%
Wishram 418
9%
Woods Creek 7,027
9%
Allyn 2,656
0%
Ames Lake 1,138
0%
Arlington Heights 2,990
0%
Bangor Base 5,931
0%
Banks Lake South 216
0%
Barberton 8,213
0%
Basin City 1,527
0%
Bay Center 218
0%
Beverly 283
0%
Blyn 196
0%
Boulevard Park 4,334
0%
Brady 789
0%
Burley 2,516
0%
Canyon Creek 3,556
0%
Cascade Valley 3,824
0%
Centerville 107
0%
Chain Lake 4,989
0%
Cherry Grove 729
0%
Cliffdell 29
0%
Cohassett Beach 404
0%
Cougar 32
0%
Cowiche 449
0%
Dixie 130
0%
Donald 127
0%
Duluth 2,040
0%
East Cathlamet 667
0%
East Port Orchard 5,581
0%
Enetai 2,135
0%
Erlands Point 874
0%
Eschbach 235
0%
Farmington 134
0%
Felida 10,695
0%
Fern Prairie 2,132
0%
Finley 5,734
0%
Fobes Hill 2,683
0%
Fords Prairie 1,762
0%
Garrett 1,824
0%
Glenwood 246
0%
Hansville 3,533
0%
Harrah 576
0%
High Bridge 3,147
0%
Hockinson 5,993
0%
Kayak Point 1,660
0%
Keyport 272
0%
Kitsap Lake 1,879
0%
La Grande 262
0%
Lake Bosworth 980
0%
Lake Cassidy 3,337
0%
Lake Cavanaugh 305
0%
Lake Goodwin 5,682
0%
Lake Ketchum 1,088
0%
Lake Marcel-Stillwater 1,463
0%
Lake McMurray 533
0%
Lake Morton-Berrydale 10,591
0%
Lake Roesiger 981
0%
Lake Shore 6,601
0%
Lakeview 1,601
0%
Lamont 78
0%
Larch Way 4,046
0%
Latah 177
0%
Lewisville 2,372
0%
Lochsloy 3,088
0%
Lofall 2,018
0%
Malden 252
0%
Maple Heights-Lake Desire 3,694
0%
Maplewood 5,766
0%
Marietta-Alderwood 3,569
0%
Marine View 413
0%
Marrowstone 982
0%
Meadow Glade 2,534
0%
Minnehaha 12,080
0%
Monroe North 2,069
0%
Moses Lake North 4,693
0%
Navy Yard City 2,542
0%
Nespelem Community 322
0%
Nile 247
0%
Nisqually Indian Community 513
0%
Northwest Stanwood 75
0%
North Yelm 2,503
0%
Oakesdale 384
0%
Outlook 504
0%
Oyehut 64
0%
Parker 90
0%
Pataha 108
0%
Peaceful Valley 2,661
0%
Pine Grove 13
0%
Porter 130
0%
Port Gamble Tribal Community 614
0%
Port Hadlock-Irondale 3,695
0%
Prairie Heights 4,817
0%
Puget Island 1,136
0%
Raft Island 363
0%
Riverpoint 982
0%
River Road 952
0%
Rocky Point 1,648
0%
Salmon Creek 19,594
0%
Satsop 717
0%
Schwana 352
0%
Sisco Heights 2,942
0%
Skamokawa Valley 311
0%
South Creek 1,885
0%
Southworth 2,109
0%
Stansberry Lake 1,574
0%
Summit View 9,014
0%
Suncrest 5,590
0%
Sunday Lake 1,209
0%
Swede Heaven 1,163
0%
Tanglewilde 6,822
0%
Terrace Heights 9,480
0%
Three Lakes 3,466
0%
Twin Lakes 101
0%
Union Hill-Novelty Hill 23,272
0%
Uniontown 396
0%
Vaughn 925
0%
Venersborg 4,827
0%
Walla Walla East 2,264
0%
Waller 7,857
0%
Wallula 127
0%
Wauna 4,831
0%
Wheeler 223
0%
Wilderness Rim 1,770
0%
Willapa 195
0%
Wilson Creek 204
0%
Wollochet 6,905
0%
No matching quizzes found
Score Distribution
Percent of People with Each Score
Percentile by Number Answered
Your Score History
You have not taken this quiz